Polskie miasta na R według podpowiedzi - Statystyki

Ogólne statystyki
  • Ten quiz został rozwiązany 126 razy
  • Średni wynik to 5 z 10
Statystyki odpowiedzi
Podpowiedź Miasto % Poprawnych
Otwarto tam port lotniczy w 2023 r. Radom
95%
Tamtejszy Pomnik Czynu Rewolucyjnego ma charakterystyczny kształt. Rzeszów
71%
Największe miasto Małego Trójmiasta Kaszubskiego. Rumia
54%
To mazurskie miasto ma tylko 3 litery w nazwie. Ryn
45%
Stamtąd wywodzi się Kabaert Młodych Panów. Rybnik
42%
Z tego miasta pochodzi słynna marka serów żółtych, zwłaszcza edam. Ryki
41%
Chebzie, Wirek i Kochłowice to nazwy części jego dzielnic. Ruda Śląska
39%
Można tam dojechać Kolejami Dolnośląskimi, mimo że to województwo wielkopolskie. Rawicz
38%
Stamtąd pochodzi Bartosz Rudecki znany jako xntentacion. Radomsko
27%
Stamtąd wywodzi się marka słodyczy Mieszko produkująca m.in. Zozole. Racibórz
20%
Nie znaleziono quizów pasujących do podanych kryteriów
Rozkład punktacji
Procent ludzi z każdym wynikiem
Percentyl według liczby udzielonych odpowiedzi
Twoja historia wyników
Nie rozwiązałeś tego quizu